00673 a2200193 4500999001500000010001400015020002300029035001300052037001500065082001000080100001800090245004400108260005300152270006000205300002400265500005000289942002900339952011100368 c8111d8111 aENG-88321 c575.00a8121511763 aEN-71854 bDBAD / PUB14a510.1 aBurde, Jayant1 aPhilosophy of numbers/cby Jayant Burde aNew DelhibMunshiram Manoharlal Publishersc2007 aPost Box 5715, 54 Rani Jhansi Road,bNew Delhie110 055 ax, 251p.c22cm (Hb) aIncludes bibliographical references and index adplcEN2ddch510.1mBUR 001040718NFICaDBADbDBADeDBAD/PUBg575.00l0o510.1 BURpEN-71854r2008-09-15 00:00:00t1v575.00yEN